Joueurs à 10 buts en une saison de Ligue des Champions - Statistiques

Statistiques générales
  • Ce quiz a été pris 21 243 fois
    531 depuis la dernière actualisation
  • Le résultat moyen est 33 sur 42
Statistiques - réponses
Réponse % Correct
2011-2012 Real Madrid Cristiano Ronaldo 10
99%
2012-2013 Real Madrid Cristiano Ronaldo 12
99%
2013-2014 Real Madrid Cristiano Ronaldo 17
99%
2014-2015 Real Madrid Cristiano Ronaldo 10
99%
2015-2016 Real Madrid Cristiano Ronaldo 16
99%
2016-2017 Real Madrid Cristiano Ronaldo 12
99%
2017-2018 Real Madrid Cristiano Ronaldo 15
99%
2010-2011 FC Barcelone Lionel Messi 12
99%
2011-2012 FC Barcelone Lionel Messi 14
99%
2014-2015 FC Barcelone Lionel Messi 10
99%
2016-2017 FC Barcelone Lionel Messi 11
99%
2018-2019 FC Barcelone Lionel Messi 12
99%
2025-2026 Real Madrid Kylian Mbappé 15
97%
2019-2020 RB Salzbourg, Borussia Dortmund Erling Haaland 10
93%
2020-2021 Borussia Dortmund Erling Haaland 10
93%
2022-2023 Manchester City Erling Haaland 12
93%
2017-2018 Liverpool Mohammed Salah 10
93%
2012-2013 Borussia Dortmund Robert Lewandowski 10
93%
2019-2020 Bayern Munich Robert Lewandowski 15
93%
2021-2022 Bayern Munich Robert Lewandowski 13
93%
2024-2025 FC Barcelone Robert Lewandowski 11
93%
2024-2025 Bayern Munich Harry Kane 11
92%
2025-2026 Bayern Munich Harry Kane 14
92%
2021-2022 Real Madrid Karim Benzema 15
90%
2014-2015 FC Barcelone Neymar 10
88%
2017-2018 Liverpool Sadio Mané 10
86%
2025-2026 Atletico Madrid Julián Álvarez 10
80%
2013-2014 Paris Saint-Germain Zlatan Ibrahimovic 10
80%
2017-2018 Liverpool Roberto Firmino 10
75%
2024-2025 FC Barcelone Raphinha 12
72%
2024-2025 Borussia Dortmund Serhou Guirrassy 13
68%
2025-2026 Newcastle Anthony Gordon 10
62%
2006-2007 AC Milan Kaka 10
60%
2025-2026 Paris Saint-Germain Khvicha Kvaratskhelia 10
50%
1999-2000 Real Madrid Raùl 10
49%
1997-1998 Juventus Alessandro Del Piero 10
47%
2002-2003 AC Milan Filippo Inzaghi 10
45%
2011-2012 Bayern Munich Mario Gomez 13
39%
1999-2000 FC Barcelone Rivaldo 10
35%
2001-2002 Manchester United Ruud Van Nistelrooy 10
33%
2021-2022 Ajax Amsterdam Sebastian Haller 11
31%
1999-2000 FC Porto Mario Jardel 10
8%
Aucun quiz correspondant
Distribution des résultats
% des personnes avec chaque résultat
Percentile par nombre de réponses
Votre historique - résultats
Vous n’avez pas pris ce quiz depuis la dernière actualisation